000 nam a22 a 4500
999 _c136398
_d136398
003 BLK
005 20210205115450.0
008 180409b bul|||||r ||||||| ||bul||
010 _aKNG00142339000
040 _aBLK
041 _aBUL
_cBUL
080 _aБългарска литература
_b821.163.2
_x-93-34
_z821.163.2-93-34
100 1 _aГолев, Владимир Иванов
_eпърви автор
_9365746
139 _aГолев, Владимир Иванов
_bГ 63
245 1 0 _aКой събуди гората
_bПриказка в стихове
_cВладимир Иванов Голев; ил. Калина Петрова Тасева; ил. Юли Стефанов Минчев.
257 _aBGR
260 _bБълг. писател
_c1969
_aСофия
300 _a16 с.
_bс ил.
_c37 см
380 _aDX
500 _a30 100 тир.
700 1 _aТасева, Калина Петрова
_eил.
_9378904
700 1 _aМинчев, Юли Стефанов
_eил.
_9378905
852 _aЦб ІІ 17600
856 4 _qpdf
856 4 _qpdf
942 _cKNG
_n0
_s1
944 _aCR
_c23.04.2013
_l23.04.2013 - от С1,Р / 23.04.2013
_kСевдалина_Василева
944 _aED
_c23.04.2013
_l23.04.2013 - от С1,Р / 23.04.2013
999 _d136398